Satanism : crime ware of the '90s

Bibliographic Details
Format: Book
Published: Washington, D. C. : EIR News Services, Inc. , c1990
Series:EIR special report ; February 1990

MARC

LEADER 00000cam a2200000 7i4500
001 0000004109
005 20021118093000.0
008 021118n
245 0 0 |a Satanism :   |b crime ware of the '90s   |c Carol White, Jeffry Steinberg 
260 2 |a Washington, D. C. :   |b EIR News Services, Inc. ,   |c c1990 
300 |a 154 p. ; ;   |c 28 cm. 
440 0 0 |a EIR special report ; February 1990 
504 |a Includes bibliography 
999 |a 1000051330   |b Book   |c Reference   |e Gong Badak Campus